000 00405nam a2200133Ia 4500
008 151001s9999||||xx |||||||||||||| ||und||
100 _aसंजय बोरुडे
245 _aसिस्टीमँटिक रिव्हेंज
250 _a1
260 _b"प्राजक्त प्रकाशन, पुणे "
260 _c2006
300 _a128
365 _b21
999 _c996426
_d996423